Welcome to the Holygrace Academy Library

Please use search bar below to get started

FOLK TALES OF INDIA (Record no. 7317)

MARC details
000 -LEADER
fixed length control field 00266nam a22001217a 4500
082 ## - DEWEY DECIMAL CLASSIFICATION NUMBER
Classification number 823
Item number AGG/F
100 ## - MAIN ENTRY--AUTHOR NAME
Personal name AGGARWAL N K
245 ## - TITLE STATEMENT
Title FOLK TALES OF INDIA
260 ## - PUBLICATION, DISTRIBUTION, ETC. (IMPRINT)
Place of publication CALCUTTA
Name of publisher BLACKIE & SON
Year of publication 1997
300 ## - PHYSICAL DESCRIPTION
Number of Pages 91
650 ## - SUBJECT ADDED ENTRY--TOPICAL TERM
Topical Term ENGLISH STORY
Geographic subdivision INDIA
942 ## - ADDED ENTRY ELEMENTS (KOHA)
Koha item type Books
Holdings
Withdrawn status Lost status Collection code Home library Current library Date acquired Source of acquisition Cost, normal purchase price Full call number Accession Number Koha item type
Withdrawn Damaged Item Fiction Main Library Main Library 07/03/2002 purchase 20.00 823 AGG/F 00285 Books